| 000 | 00836nam a22002417a 4500 | ||
|---|---|---|---|
| 008 | 081020t xxu||||| |||| 00| 0 eng d | ||
| 010 | _aENG-84054 | ||
| 020 | _a8178296616 | ||
| 020 | _c550.00 (pbk) | ||
| 035 | _aEN-67587 | ||
| 082 | _a303.482 | ||
| 245 |
_aGlobalization and after / _cedited by Samir Dasgupta and Ray Kiely |
||
| 260 |
_aNew Delhi _bSage Publications |
||
| 260 | _c2006 | ||
| 300 |
_a443p _c22cm |
||
| 500 | _aIncludes bibliographical references and index | ||
| 650 | _aGlobalization | ||
| 650 | _aGlobalization-social aspects | ||
| 700 |
_aDasgupta, Samir _ced |
||
| 700 |
_aKiely, Ray _ced |
||
| 942 |
_2ddc _cEN _h303.482 _mGLO |
||
| 999 |
_c17021 _d17021 |
||